<?xml version="1.0" encoding="UTF-8"?>
<collection xmlns="http://www.loc.gov/MARC21/slim">
<record>
  <controlfield tag="001">5192</controlfield>
  <controlfield tag="005">20260410115406.0</controlfield>
  <datafield tag="024" ind1="7" ind2=" ">
    <subfield code="2">DOI</subfield>
    <subfield code="a">10.6083/M49K48QQ</subfield>
  </datafield>
  <datafield tag="037" ind1=" " ind2=" ">
    <subfield code="a">DA</subfield>
  </datafield>
  <datafield tag="245" ind1=" " ind2=" ">
    <subfield code="a">University of Oregon Health Sciences Center, Class of 1980, First Year 1976-77</subfield>
  </datafield>
  <datafield tag="260" ind1=" " ind2=" ">
    <subfield code="c">1977</subfield>
  </datafield>
  <datafield tag="269" ind1=" " ind2=" ">
    <subfield code="a">1977</subfield>
  </datafield>
  <datafield tag="336" ind1=" " ind2=" ">
    <subfield code="a">Still image</subfield>
  </datafield>
  <datafield tag="520" ind1=" " ind2=" ">
    <subfield code="a">Black and white photograph of the University of Oregon Health Sciences Center, Class of 1980, during their first year 1976-77. Students pictured: Applegate, Roger H.; Auld, Brian M.; Baker, Mary Lee; Ban, David J.; Barnhardt, Richard A.; Bauer, John E.; Black, Joseph L.; Blacky, Albert Robert; Bocchi, Jay A.; Brandenburg, Daniel R.; Browning, Joan M.; Buckmaster, John G.; Budke, Mary A.; Campagna, Paul A.; Carlin, Marilyn; Casterline, Vernon D., II; Cauthorn, Ross A.; Christlieb, Dee E.; Cuda, Gregory B.; Dale, Paul D.; Darden, Wendy I.; Davis, Ann J.; Dechant, John; Denker, John T.; Dennis, Jeanne; Driver, Matthew S.; Driver, Michael K.; Eberle, Thomas M.; Ertle, Alan R.; Evans, John E., III; Farley, Paul S.; Felt, Richard W.; Fleming, Richard X.; Fullman, Jeffrey D.; Grossman, Elaine; Hahn, John F., Jr.; Hayes, Robert P.; Hayse, Bruce; Heckard, Ralph D.; Hicks, Stanley M.; Holm, Richard N.; Hooker, Michael P.; Johnson, Nancy J.; Jones, Robert B., Jr.; Joseph, Carol L.; Kloor, Richard H.; Knight, Ellis M.; Knox, Gary M.; Krall, Michael A.; Krause, Charles E., II; Langdon, Robert C.; Larson, Ronald K.; Lucas, Scott T.; Lysne, Matthew C.; Mabry, Quince Lee; Majusiak, James M.; Manning, Thomas M.; Mansfield, Peggy Sue; Maughan, Brent Sjoberg; Mcleod, Rebecca; Mcmillian, Karen M.; Mittman, Thomas A.; Moshofsky, William G.; Munly, James Christopher; Narasimhan, Nagraj; Neitling, Stanley J., Jr.; O'Hollaren, Mark Thomas; Parker, Scott; Parsons, Rex R.; Pearson, Todd D.; Petersen, Glenn A.; Peterson, Larry L.; Phillips, Daniel Lee; Pierce, Carol A.; Pollard, Timothy J.; Rath, Brett M.; Reger, Kenneth M.; Rex, John M., Jr.; Richterich, Gregory C.; Robinson, Brian L.; Rosenblum, Stuart M.; Rugg, Linda Schroeter; Saltz, Lori L. Hodgson; Sampson, Mark E.; Schiedler, Michael G.; Schmidt, David E.; Sessions, Jerry L.; Shearer, Ronald N.; Shelton, Steven R.; Stone, Albert James, Jr.; Stork, Jeffrey B.; Strickland, Scott Raymond; Telford, Barbara Jane; Thomas, Gregory M.; Thomas, Heidi Sult; Trotta, Thomas C.; Vernetti, Elaine M.; Vining, Jacky Roy.; Webb, Gordon V.; Wegener, Lucinda L.; Wickham, Dennis J.; Wiley, John W.; Wilkinson, T. Thomas; Willeford, Vincent A.; Williams, Bruce N.; Willis, Dale; Wodell, Ruthven A.; Wolf, Andreas; Wolfe, Jeffrey K.; Wong, Charles M.; Young, Lauretta Richards; Yuan, Isaac; Zenthoefer, Peter</subfield>
  </datafield>
  <datafield tag="540" ind1=" " ind2=" ">
    <subfield code="f">CC BY-NC</subfield>
  </datafield>
  <datafield tag="542" ind1=" " ind2=" ">
    <subfield code="f">In Copyright</subfield>
  </datafield>
  <datafield tag="650" ind1=" " ind2=" ">
    <subfield code="a">Students, Medical</subfield>
    <subfield code="0">26492</subfield>
  </datafield>
  <datafield tag="650" ind1=" " ind2=" ">
    <subfield code="a">Universities</subfield>
    <subfield code="0">27581</subfield>
  </datafield>
  <datafield tag="650" ind1=" " ind2=" ">
    <subfield code="a">Education, Medical</subfield>
    <subfield code="0">18223</subfield>
  </datafield>
  <datafield tag="650" ind1=" " ind2=" ">
    <subfield code="a">Schools, Medical</subfield>
    <subfield code="0">25775</subfield>
  </datafield>
  <datafield tag="710" ind1="2" ind2=" ">
    <subfield code="a">University of Oregon Health Sciences Center</subfield>
    <subfield code="0">10832</subfield>
  </datafield>
  <datafield tag="856" ind1="4" ind2=" ">
    <subfield code="9">df6e1034-4511-4baa-b852-423b3aa10dde</subfield>
    <subfield code="s">16150753</subfield>
    <subfield code="u">https://digitalcollections.ohsu.edu/record/5192/files/82b6a8e08b98286863f669e25a0aafb6.jpg</subfield>
    <subfield code="e">Public</subfield>
    <subfield code="2">d1dabbc4db9c0e1355e5c49f2d608e88</subfield>
    <subfield code="3">1</subfield>
  </datafield>
  <datafield tag="905" ind1=" " ind2=" ">
    <subfield code="a">/rest/prod/rj/43/04/98/rj430498w</subfield>
  </datafield>
  <datafield tag="956" ind1=" " ind2=" ">
    <subfield code="a">Get Accessible Copy</subfield>
    <subfield code="u">https://ohsu.libwizard.com/f/requestaccessibledocument_HCA</subfield>
  </datafield>
  <datafield tag="980" ind1=" " ind2=" ">
    <subfield code="a">Historical Image Collection</subfield>
  </datafield>
</record>
</collection>